000 01582cam a2200133 4500500
005 20251214004006.0
041 _afre
042 _adc
100 1 0 _aBarbier, Frédéric
_eauthor
245 0 0 _aHistoire des bibliothèques : D'Alexandrie aux bibliothèques virtuelles
260 _bArmand Colin,
_c2021.
520 _aLa question des bibliothèques, comme plus largement celle de l’information, alors que nous sommes plongés dans la « troisième révolution du livre », est bien l’une des interrogations de civilisation essentielles posées en notre début de IIIe millénaire. De l’Antiquité classique aux bibliothèques des grands monastères carolingiens, puis à la bibliothèque des rois de France, à celle de Mathias Corvin, à la Bibliothèque vaticane et aux monumentales collections italiennes et allemandes, cette histoire met en jeu des perspectives d’ordre intellectuel et scientifique, mais aussi politique : la bibliothèque est signe de distinction pour un prince qui sera autant le prince des muses que le prince des armes. L’histoire des bibliothèques est directement articulée avec l’histoire de la pensée, des idées, de la politique, de l’information, voire de l’architecture et de l’urbanisme. En adoptant un cadre chronologique large et en insistant sur la perspective comparatiste, l’auteur envisage la thématique en fonction des transformations du système général des médias au cours des siècles.
856 4 1 _uhttps://shs.cairn.info/histoire-des-bibliotheques--9782200630126?lang=fr&redirect-ssocas=7080
999 _c1568098
_d1568098